000 00703nam a2200205Ia 4500
003 GCL
008 140319s9999 xx 000 0 ara d
040 _aGCL /
_cGCL
082 0 4 _a336.29566
_bز ت
100 1 _aزينب حسين عوض الله
245 1 0 _aالتشريع الضريبىاللبنانى /
_cزينب حسين عوض الله
260 _aبيروت :
_bالدار الجامعية ،
_c1994
300 _a160ص ؛
_c25سم
490 _aالمكتبة الاقتصادية
_v0
650 0 4 _aالاعفاءات الضريبية
650 0 4 _aالدخل
650 0 4 _aالضرائب - قوانين وتشريعات
650 0 4 _aالضرائب - لبنان
942 _2ddc
_cBK
999 _c58232
_d58232